书目信息 |
| 题名: |
21世纪的无机化学
|
|
| 作者: | 陈荣 , 梁文平 , 洪茂椿 主编 | |
| 分册: | ||
| 出版信息: | 北京 科学出版社 2005.08 |
|
| 页数: | 11, 312页 | |
| 开本: | 24cm | |
| 丛书名: | ||
| 单 册: | ||
| 中图分类: | O61 | |
| 科图分类: | ||
| 主题词: | 无机化学--wu ji hua xue--研究 | |
| 电子资源: | ||
| ISBN: | 7-03-015859-8 | |
| 000 | 00875nam0 2200253 450 | |
| 001 | 012006810209 | |
| 005 | 20060905103250.98 | |
| 010 | @a7-03-015859-8@b精装@dCNY50.00 | |
| 100 | @a20060610d2005 km y0chiy0120 ea | |
| 101 | 0 | @achi |
| 102 | @aCN@b110000 | |
| 105 | @ay a 000yy | |
| 200 | 1 | @a21世纪的无机化学@A21 shi ji de wu ji hua xue@f洪茂椿, 陈荣, 梁文平主编@Fhong mao chun,chen rong,liang wen ping zhu bian |
| 210 | @a北京@c科学出版社@d2005.08 | |
| 215 | @a11, 312页@d24cm | |
| 320 | @a有书目。 | |
| 330 | @a本书主要反映了最近几年国内外无机化学学科发展的成就、现状,并就无机化学学科的发展前景进行了热烈的讨论。 | |
| 606 | 0 | @a无机化学@Awu ji hua xue@x研究 |
| 690 | @aO61@v4 | |
| 701 | 0 | @a陈荣@Achen rong@4主编 |
| 701 | 0 | @a梁文平@Aliang wen ping@4主编 |
| 701 | 0 | @a洪茂椿@Ahong mao chun@4主编 |
| 801 | 0 | @aCN@bQSSK@c20060905 |
| 905 | @a10447@dO61@eH406 | |
| 21世纪的无机化学/洪茂椿, 陈荣, 梁文平主编.-北京:科学出版社,2005.08 |
| 11, 312页;24cm |
| ISBN 7-03-015859-8(精装):CNY50.00 |
| 本书主要反映了最近几年国内外无机化学学科发展的成就、现状,并就无机化学学科的发展前景进行了热烈的讨论。 |
| ● |
| 相关链接 |
|
|
|
正题名:21世纪的无机化学
索取号:O61/H406
 
预约/预借
| 序号 | 登录号 | 条形码 | 馆藏地/架位号 | 状态 | 备注 |
| 1 | 584097 | 205840973 | 自科库401/401自科库 61排7列3层/ [索取号:O61/H406] | 在馆 | |
| 2 | 584098 | 205840982 | 自科库401/401自科库 61排7列3层/ [索取号:O61/H406] | 在馆 | |
| 3 | 584099 | 205840991 | 自科库401/401自科库 61排7列3层/ [索取号:O61/H406] | 在馆 |